Riadiaci systém dvojkanálového servohydraulického standu

Uložené v:
Podrobná bibliografia
Hlavný autor: Skall, Kristián (Autor)
Ďalší autori: Chmelko, Vladimír (Vedúci práce)
Médium: Rukopis Kniha
Jazyk:Slovak
Vydavateľské údaje: 2022
Predmet:
On-line prístup:http://is.stuba.sk/zp/portal_zp.pl?podrobnosti=171427
Tagy: Pridať tag
Žiadne tagy, Buďte prvý, kto otaguje tento záznam!

MARC

LEADER 00000ntm a22000003a 4500
001 stuzp90926
003 SK-STU
005 20220611214121.8
007 ta
008 150427s2015----xo-----f-mn---000-0-slo-d
040 |a STU  |b slo 
041 0 |a slo 
100 1 |a Skall, Kristián  |u 020010  |k Z4  |4 aut  |U SjF Strojnícka fakulta  |T SjF Ústav aplikovanej mechaniky a mechatroniky  |X 10873  |U J0010  |Y 801  |7 10873 
242 0 1 |a Control system of two-channel servo-hydraulic stand  |y eng 
245 1 0 |a Riadiaci systém dvojkanálového servohydraulického standu 
260 |c 2022 
650 4 |a riadenie  |2 slo 
650 4 |a hydraulický  |2 slo 
650 4 |a pohon  |2 slo 
650 4 |a actuator  |2 eng 
650 4 |a control  |2 eng 
650 4 |a hydraulic  |2 eng 
700 1 |a Chmelko, Vladimír  |u 020010  |k Z1  |4 ths  |U SjF Strojnícka fakulta  |T SjF Ústav aplikovanej mechaniky a mechatroniky  |X 2396  |U J0010  |Y 801  |7 A000002396 
856 4 |u http://is.stuba.sk/zp/portal_zp.pl?podrobnosti=171427